Interpretation and social criticism / (Record no. 133905)

MARC details
000 -LEADER
campo de control de longitud fija 00697nam a2200241 i 4500
001 - NÚMERO DE CONTROL
campo de control 133905
003 - IDENTIFICADOR DE NÚMERO DE CONTROL
campo de control ES-MaACL
005 - FECHA Y HORA DE LA ÚLTIMA TRANSACCIÓN
campo de control 20230906194546.0
007 - CAMPO FIJO DE DESCRIPCIÓN FÍSICA--INFORMACIÓN GENERAL
campo de control de longitud fija t|
008 - DATOS DE LONGITUD FIJA--INFORMACIÓN GENERAL
campo de control de longitud fija 070903s1987 xxu ||||1| eng d
020 ## - NÚMERO INTERNACIONAL ESTÁNDAR DEL LIBRO
Número Internacional Estándar del Libro 0-674-45970-9
080 ## - NÚMERO DE LA CLASIFICACIÓN DECIMAL UNIVERSAL
Número de la Clasificación Decimal Universal 301.01
080 ## - NÚMERO DE LA CLASIFICACIÓN DECIMAL UNIVERSAL
Número de la Clasificación Decimal Universal 17.01
080 ## - NÚMERO DE LA CLASIFICACIÓN DECIMAL UNIVERSAL
Número de la Clasificación Decimal Universal 231.75:301
100 1# - ENTRADA PRINCIPAL--NOMBRE DE PERSONA
Nombre de persona Walzer, Michael.
9 (RLIN) 116034
245 10 - MENCIÓN DEL TÍTULO
Título Interpretation and social criticism /
Mención de responsabilidad, etc. Michael Walzer.
260 ## - PUBLICACIÓN, DISTRIBUCIÓN, ETC.
Lugar de publicación, distribución, etc. Cambridge :
Nombre del editor, distribuidor, etc. Harvard University Press,
Fecha de publicación, distribución, etc. 1987.
300 ## - DESCRIPCIÓN FÍSICA
Extensión VII, 96 p. ;
Dimensiones 22 cm.
490 1# - MENCIÓN DE SERIE
Mención de serie The Tanner lectures on human values
830 0# - PUNTO DE ACCESO ADICIONAL DE SERIE-TÍTULO UNIFORME
Título uniforme The Tanner lectures on human values
9 (RLIN) 219799
852 ## - LOCALIZACIÓN
Ubicación ES-MaACL
Número de control de estantería G-10844
Sublocalización o colección R.114451
Holdings
Estatus retirado Estado de pérdida Estado de daño No para préstamo Biblioteca de origen Biblioteca actual Ubicación en estantería Fecha de adquisición Fuente de adquisición Total de préstamos Signatura topográfica completa Código de barras Visto por última vez Precio de reemplazo Tipo de ítem Koha
        Biblioteca del Ateneo de Madrid Biblioteca del Ateneo de Madrid Sala Pecera Planta 3 17/01/2008     G-10844 1139388 23/02/2023 23/02/2023 Libro impreso